000 00399nam a2200157Ia 4500
003 IQ-KOUCL
041 _aKurdish
082 _a891,41 cut-959 ح
100 _a20260118u\\\\\\\\\\\y0engy0103\\\\ba
100 _aد.وەلى مەحمود حەمەد
245 0 _aکوتارنامه
250 _aچ1
260 _bجابخابەى شەهاب
_aهەولیر
_c2023
300 _a238
942 _cBk
999 _c186944
_d186944